书目信息 |
| 题名: |
标点符号学习与应用
|
|
| 作者: | 林穗芳 著 | |
| 分册: | ||
| 出版信息: | 北京 人民出版社 2000.1 |
|
| 页数: | 430页 | |
| 开本: | 21cm | |
| 丛书名: | ||
| 单 册: | ||
| 中图分类: | H155 | |
| 科图分类: | ||
| 主题词: | 标点符号--biao dian fu hao , 汉语--写作 , 汉语--修辞 | |
| 电子资源: | ||
| ISBN: | 7-01-003043-X | |
| 000 | 00658nam0 2200241 45 | |
| 001 | 012000635243 | |
| 005 | 20031219104055.1 | |
| 010 | @a7-01-003043-X@dCNY24.00 | |
| 100 | @a20000609d2000 km y0chiy01 ea | |
| 101 | 0 | @achi |
| 102 | @aCN@b110000 | |
| 105 | @ay z 000yy | |
| 106 | @ar | |
| 200 | 1 | @a标点符号学习与应用@Abiao dian fu hao xue xi yu ying yong@f林穗芳著 |
| 210 | @a北京@c人民出版社@d2000.1 | |
| 215 | @a430页@d21cm | |
| 606 | 0 | @a标点符号@Abiao dian fu hao |
| 606 | 0 | @a汉语@x写作 |
| 606 | 0 | @a汉语@x修辞 |
| 690 | @aH155@v4 | |
| 701 | 0 | @a林穗芳@Alin sui fang@4著 |
| 801 | @aCN@bTSTC@c20020427 | |
| 905 | @b309344-348@dH155@e261@f5 | |
| 标点符号学习与应用/林穗芳著.-北京:人民出版社,2000.1 |
| 430页;21cm |
| ISBN 7-01-003043-X:CNY24.00 |
| ● |
| 相关链接 |
|
|
|
|
正题名:标点符号学习与应用
索取号:H155/261
 
预约/预借
| 序号 | 登录号 | 条形码 | 馆藏地/架位号 | 状态 | 备注 |
| 1 | 0309344 | 203093446 | 第四借阅区/ [索取号:H155/261] | 在馆 | |
| 2 | 0309345 | 203093455 | 第四借阅区/ [索取号:H155/261] | 在馆 | |
| 3 | 0309346 | 203093464 | 第四借阅区/ [索取号:H155/261] | 在馆 | |
| 4 | 0309347 | 203093473 | 第四借阅区/ [索取号:H155/261] | 在馆 | |
| 5 | 0309348 | 203093482 | 第二样本阅览室/ [索取号:H155/261] | 在馆 |